<The> Role of the building industry in the economy of the Slovak Republic

Zhodnotenie postavenia stavebníctva v ekonomike Slovenskej republiky podľa jeho podielu na hrubom domácom produkte a na národnom hospodárstve.

Gespeichert in:
Bibliographische Detailangaben
1. Verfasser: Sika, Peter, 1975-
Format: Buchkapitel
Sprache:Englisch
Schlagworte:
Tags: Tag hinzufügen
Keine Tags, Fügen Sie das erste Tag hinzu!

MARC

LEADER 00000nla a2200000 4500
001 0228257
005 20240502101720.2
041 0 |a eng 
044 |a CZ 
245 1 0 |a <The> Role of the building industry in the economy of the Slovak Republic  |c Peter Sika 
520 |a Zhodnotenie postavenia stavebníctva v ekonomike Slovenskej republiky podľa jeho podielu na hrubom domácom produkte a na národnom hospodárstve. 
610 2 0 |a stavebníctvo 
610 2 0 |a produkt národný hrubý 
610 2 0 |a hospodárstvo národné 
610 2 0 |a rast hospodársky 
100 1 |a Sika, Peter, 1975-